000
00306nam a22001217a 4500
020
_a
NA
082
_2
22
_a
339.3
100
_a
Colman Ron old and Sagebien Julia.
245
_a
Measuring genuine progress /
260
_a
CBS, Thimphu,
_b
CBS, Thimphu,
_c
c2005
300
_a
252 p,;
_b
NA
_c
24cm.
942
_2
ddc
_c
GEN
999
_c
1535
_d
1535